000 01212nam a2200229Ia 4500
003 Ost
005 20260507075720.0
008 260507s9999||||xx |||||||||||||| ||und||
020 _a9789931248088
040 _cfsecg
041 _aara
082 _a657.1
100 _aمشري، حسناء
_eمؤلف
245 0 _aأعمال نهاية السنة وفق النظام المحاسبي المالي SCF /
_c حسناء مشري
260 _aالجزائر:
_bدار الباحث للنشر والإشهار,
_c2022
300 _a146 صفحة؛
_bإيضاحات ؛
_c24 سم
504 _aمراجع ص.141
520 _aالاطار المفاهيمي لأعمال نهاية السنة،مؤونات الأخطار والأعباء، جرد التثبيتات، التنازلات عن التثبيتات والأصول المالية، جرد المخزون، جرد حسابات العملاء، جرد حسابات الموردين، تسوية حسابات الأعباء، تسوية حسابات النتائج، إعداد ميزان المراجعة والكشوف المالية.
653 _aالمحاسبة التحليلية
653 _aالنظام المالي
942 _cكتاب
999 _c45935
_d45935